[Event "US Open-117"]
[Site "Indianapolis"]
[Date "2016.08.02"]
[Round "4"]
[White "Hartmann, John R"]
[Black "Shabalov, Alexander"]
[Result "0-1"]
[WhiteElo "1888"]
[BlackElo "2522"]
[PlyCount "42"]
[EventDate "2016.07.30"]
[EventType "swiss"]
[EventRounds "9"]
[EventCountry "USA"]
[SourceTitle "CBM 173 Extra"]
[Source "ChessBase"]
[SourceDate "2016.08.29"]
[SourceVersion "1"]
[SourceVersionDate "2016.08.29"]
[SourceQuality "1"]

1. d4 Nf6 2. c4 Nc6 3. Nf3 e6 4. Nc3 Bb4 5. Qc2 d6 6. Bd2 e5 7. d5 Bxc3 8. Bxc3 Ne7 9. Nd2 0-0 10. e4 Nh5 11. Bd3 Nf4 12. 0-0 f5 13. c5 Neg6 14. exf5 Nxd3 15. Qxd3 Nf4 16. Qc4 Bxf5 17. cxd6 cxd6 18. Qb5 Bd3 19. Qxb7 Qg5 20. g3 Ne2+ 21. Kg2 Nxc3 0-1

[Event "BI-2010-F-00006"]
[Site "LSS email"]
[Date "2011.02.21"]
[Round "?"]
[White "Hartmann, John R"]
[Black "Franks, Keith"]
[Result "0-1"]
[WhiteElo "1775"]
[BlackElo "2045"]
[PlyCount "128"]
[EventDate "2011.02.24"]
[EventType "tourn (corr)"]
[EventRounds "10"]
[EventCountry "GER"]
[SourceTitle "Telechess CBM 151"]
[Source "ChessBase"]
[SourceDate "2012.11.13"]
[SourceVersion "1"]
[SourceVersionDate "2012.11.13"]
[SourceQuality "1"]

1. e4 c5 2. Nf3 d6 3. d4 cxd4 4. Nxd4 Nf6 5. Nc3 a6 6. Bc4 e6 7. Bb3 b5 8. Bg5 Be7 9. Qf3 Qc7 10. e5 Bb7 11. exd6 Bxd6 12. Qe3 Bc5 13. 0-0-0 Nc6 14. Qxe6+ fxe6 15. Nxe6 Qe7 16. Rhe1 Qxe6 17. Rxe6+ Ne7 18. Rde1 0-0-0 19. Rxe7 Bxe7 20. Rxe7 Rhe8 21. Be6+ Kb8 22. Bf4+ Ka8 23. Rxe8 Rxe8 24. Bh3 Bc6 25. a3 Kb7 26. f3 h6 27. Kd2 Bd7 28. Bxd7 Nxd7 29. Ne4 Kc6 30. h4 Nb6 31. Kd3 Nc4 32. Bc1 Ne5+ 33. Ke2 Kd5 34. h5 Rc8 35. Kd1 g6 36. Ng3 Ke6 37. b3 Rg8 38. Bb2 gxh5 39. Nxh5 Kd6 40. Nf4 h5 41. Ke2 h4 42. Bd4 Ng6 43. Nd3 Ne7 44. Bc5+ Kd7 45. Nf4 Rc8 46. b4 Rg8 47. Bf2 Ng6 48. Nd3 Ke6 49. Kf1 Kd5 50. Nc5 Kc4 51. Be3 Ne7 52. Ne4 Nf5 53. Bf2 Rd8 54. Ke1 Rh8 55. Kf1 h3 56. gxh3 Rxh3 57. Kg2 Rh6 58. f4 Nd4 59. c3 Kd5 60. Ng3 Nc2 61. Kf3 Nxa3 62. Ne4 Nc4 63. Bd4 Rh3+ 64. Kg4 Kxe4 0-1

[Event "BI-2010-F-00006"]
[Site "LSS email"]
[Date "2011.02.21"]
[Round "?"]
[White "Hartmann, John R"]
[Black "Muller, Henri Louis"]
[Result "1/2-1/2"]
[WhiteElo "1775"]
[BlackElo "2045"]
[PlyCount "45"]
[EventDate "2011.02.24"]
[EventType "tourn (corr)"]
[EventRounds "10"]
[EventCountry "GER"]
[SourceTitle "Telechess CBM 151"]
[Source "ChessBase"]
[SourceDate "2012.11.13"]
[SourceVersion "1"]
[SourceVersionDate "2012.11.13"]
[SourceQuality "1"]

1. e4 c5 2. Nf3 d6 3. d4 cxd4 4. Nxd4 Nf6 5. Nc3 a6 6. Bc4 e6 7. Bb3 b5 8. 0-0 Be7 9. Qf3 Qc7 10. Qg3 0-0 11. Bh6 Ne8 12. Rad1 Bd7 13. a3 Nc6 14. Be3 Bf6 15. f3 Rc8 16. Nxc6 Bxc6 17. Bd4 Bxd4+ 18. Rxd4 Rd8 19. Rfd1 a5 20. Kh1 Rb8 21. Qf2 h6 22. Ne2 Nf6 23. Qg3 1/2-1/2

[Event "CP-2010-P-00002"]
[Site "LSS email"]
[Date "2010.09.28"]
[Round "?"]
[White "Hartmann, John R"]
[Black "Gonzalez, Miguel"]
[Result "1-0"]
[WhiteElo "1775"]
[BlackElo "1732"]
[PlyCount "95"]
[EventDate "2010.10.01"]
[EventType "tourn (corr)"]
[EventRounds "6"]
[EventCountry "GER"]
[SourceTitle "Telechess CBM 151"]
[Source "ChessBase"]
[SourceDate "2012.11.13"]
[SourceVersion "1"]
[SourceVersionDate "2012.11.13"]
[SourceQuality "1"]

1. e4 c5 2. Nf3 e6 3. d4 cxd4 4. Nxd4 Nf6 5. Nc3 d6 6. Be2 Be7 7. 0-0 Nc6 8. Be3 0-0 9. f4 Bd7 10. Nb3 a6 11. a4 Na5 12. e5 Ne8 13. Nxa5 Qxa5 14. Ne4 d5 15. Qd2 Qc7 16. Nf2 a5 17. Rfc1 Bc5 18. c4 Bxe3 19. Qxe3 Bc6 20. cxd5 exd5 21. Bb5 Qd7 22. Bxc6 bxc6 23. Qb6 Nc7 24. Qxc6 Qxc6 25. Rxc6 Ne6 26. Nd3 Nd4 27. Rd6 f6 28. Re1 Rfd8 29. Nc5 Nf5 30. Rxd8+ Rxd8 31. exf6 gxf6 32. g4 Nd4 33. Kf2 Kf7 34. Rd1 Nc6 35. Kf3 Nb4 36. Nb7 Ra8 37. Nd6+ Ke6 38. Nf5 Ra7 39. Re1+ Kf7 40. Nd6+ Kg6 41. h4 Nc6 42. Rc1 Nd4+ 43. Ke3 Nb3 44. h5+ Kg7 45. Rc6 d4+ 46. Kd3 Ra8 47. Rc7+ Kg8 48. h6 1-0

[Event "CP-2010-P-00002"]
[Site "LSS email"]
[Date "2010.09.28"]
[Round "?"]
[White "Hartmann, John R"]
[Black "Lonyuk, Bohdan"]
[Result "1-0"]
[WhiteElo "1733"]
[BlackElo "1120"]
[PlyCount "43"]
[EventDate "2010.10.01"]
[EventType "tourn (corr)"]
[EventRounds "6"]
[EventCountry "GER"]
[SourceTitle "Telechess CBM 143"]
[Source "ChessBase"]
[SourceDate "2011.07.15"]
[SourceVersion "1"]
[SourceVersionDate "2011.07.15"]
[SourceQuality "1"]

1. d4 Nf6 2. c4 d6 3. Nc3 Bf5 4. f3 e5 5. e4 exd4 6. Qxd4 Nc6 7. Qd2 Be6 8. b3 g6 9. Bb2 Bg7 10. Bd3 0-0 11. Nge2 a5 12. 0-0 Nd7 13. Nd5 Nde5 14. f4 Nxd3 15. Bxg7 Kxg7 16. Qxd3 Bxd5 17. exd5 Nb4 18. Qd2 Qf6 19. f5 Qe5 20. Rae1 c6 21. f6+ Kg8 22. Ng3 1-0

[Event "CP-2010-P-00002"]
[Site "LSS email"]
[Date "2010.09.28"]
[Round "?"]
[White "Szczepanski, Zbigniew"]
[Black "Hartmann, John R"]
[Result "1-0"]
[WhiteElo "2480"]
[BlackElo "1775"]
[PlyCount "55"]
[EventDate "2010.10.01"]
[EventType "tourn (corr)"]
[EventRounds "6"]
[EventCountry "GER"]
[SourceTitle "Telechess CBM 151"]
[Source "ChessBase"]
[SourceDate "2012.11.13"]
[SourceVersion "1"]
[SourceVersionDate "2012.11.13"]
[SourceQuality "1"]

1. d4 d5 2. c4 Nc6 3. Nc3 dxc4 4. Nf3 Nf6 5. e4 Bg4 6. d5 Ne5 7. Be3 c6 8. dxc6 Qxd1+ 9. Rxd1 Nxc6 10. Bxc4 e6 11. Rc1 Bxf3 12. gxf3 a6 13. Na4 Bb4+ 14. Ke2 Nd7 15. f4 0-0 16. Rhd1 Rfd8 17. Bd3 Be7 18. e5 Rac8 19. Be4 g6 20. Rc4 Rc7 21. Rc3 Ndb8 22. Rdc1 Rcd7 23. Nb6 Rc7 24. a3 f5 25. Bf3 Bh4 26. Nc4 Rcd7 27. b4 Be7 28. Na5 1-0

[Event "LSS SC-2010-0-00065"]
[Site "LSS email"]
[Date "2010.07.23"]
[Round "?"]
[White "Albesa, Alfredo Ricardo"]
[Black "Hartmann, John R"]
[Result "0-1"]
[WhiteElo "1389"]
[BlackElo "1738"]
[PlyCount "34"]
[EventDate "2010.05.30"]
[EventType "tourn (corr)"]
[EventRounds "6"]
[EventCountry "GER"]
[SourceTitle "Corr 2013"]
[Source "ChessBase"]
[SourceDate "2012.11.12"]
[SourceVersion "1"]
[SourceVersionDate "2012.11.12"]
[SourceQuality "1"]
[WhiteTeam "US of America"]
[BlackTeam "US of America"]
[WhiteTeamCountry "USA"]
[BlackTeamCountry "USA"]

1. e4 e5 2. Nf3 Nc6 3. Bb5 Nf6 4. 0-0 Bc5 5. Nxe5 Nxe4 6. Qe2 Nxe5 7. Qxe4 Qe7 8. Nc3 Ng6 9. Re1 0-0 10. Qxe7 Bxe7 11. d4 c6 12. Bd3 Bf6 13. Ne2 d5 14. Be3 Bd7 15. c4 dxc4 16. Bxc4 Rfe8 17. Nc3 Nh4 0-1

[Event "LSS SC-2010-0-00065"]
[Site "LSS email"]
[Date "2010.07.23"]
[Round "?"]
[White "Hartmann, John R"]
[Black "Endean, Andrew"]
[Result "1/2-1/2"]
[WhiteElo "1728"]
[BlackElo "1580"]
[PlyCount "41"]
[EventDate "2010.05.30"]
[EventType "tourn (corr)"]
[EventRounds "6"]
[EventCountry "GER"]
[SourceTitle "Telechess CBM 141"]
[Source "ChessBase"]
[SourceDate "2011.03.17"]
[SourceVersion "1"]
[SourceVersionDate "2011.03.17"]
[SourceQuality "1"]

1. e4 e5 2. Nf3 Nf6 3. Nxe5 d6 4. Nf3 Nxe4 5. c4 Nc6 6. Nc3 Nxc3 7. dxc3 Be7 8. Bf4 Bf5 9. Bd3 Qd7 10. 0-0 0-0 11. Qc2 Bxd3 12. Qxd3 b6 13. Rfe1 Bf6 14. Nd2 Rae8 15. Ne4 Be5 16. Bd2 f5 17. Ng5 h6 18. Nf3 Bf6 19. Rad1 Ne5 20. Nxe5 Bxe5 21. Bc1 1/2-1/2

[Event "ZI-2010-0-00684"]
[Site "LSS email"]
[Date "2010.03.18"]
[Round "?"]
[White "Hartmann, John R"]
[Black "Jenneborg, Seved"]
[Result "1-0"]
[WhiteElo "1733"]
[BlackElo "1719"]
[PlyCount "117"]
[EventDate "2010.03.14"]
[EventType "match (corr)"]
[EventRounds "2"]
[EventCountry "GER"]
[SourceTitle "Corr 2013"]
[Source "ChessBase"]
[SourceDate "2012.11.12"]
[SourceVersion "1"]
[SourceVersionDate "2012.11.12"]
[SourceQuality "1"]

1. e4 e5 2. Nf3 Nc6 3. Bb5 a6 4. Ba4 Nf6 5. 0-0 Nxe4 6. d4 b5 7. Bb3 d5 8. dxe5 Be6 9. Qe2 Be7 10. Rd1 0-0 11. c4 bxc4 12. Bxc4 Bc5 13. Be3 Bxe3 14. Qxe3 Qb8 15. Bb3 Qb6 16. Qe2 Ne7 17. Nc3 Nxc3 18. bxc3 c5 19. Bc2 h6 20. Rab1 Qc6 21. h3 Rfb8 22. Nh4 Kf8 23. Qd3 Rxb1 24. Rxb1 Qc7 25. f4 g6 26. Qg3 Rb8 27. Bxg6 fxg6 28. Nxg6+ Kf7 29. Rxb8 Qxb8 30. Nxe7 Qb1+ 31. Kh2 Kxe7 32. Qg7+ Ke8 33. Qxh6 Qf5 34. g4 Qc2+ 35. Kg3 Qxc3+ 36. Kh4 Bf7 37. Qc6+ Kf8 38. Kg5 Qe3 39. Qd6+ Kg8 40. Qd8+ Kg7 41. h4 c4 42. h5 Qe4 43. Qf6+ Kf8 44. h6 Qh7 45. Qd6+ Ke8 46. f5 Bg8 47. Qxa6 Qe7+ 48. Kf4 Qc7 49. Qa8+ Qd8 50. Qxd8+ Kxd8 51. g5 c3 52. Ke3 d4+ 53. Kd3 Bc4+ 54. Kc2 Bd5 55. h7 Be4+ 56. Kc1 Bxf5 57. h8Q+ Kd7 58. Qg7+ Ke8 59. Qf6 1-0

[Event "ZI-2010-0-00684"]
[Site "LSS email"]
[Date "2010.03.18"]
[Round "?"]
[White "Jenneborg, Seved"]
[Black "Hartmann, John R"]
[Result "1/2-1/2"]
[WhiteElo "1622"]
[BlackElo "1518"]
[PlyCount "54"]
[EventDate "2010.03.14"]
[EventType "match (corr)"]
[EventRounds "2"]
[EventCountry "GER"]
[SourceTitle "Telechess CBM 141"]
[Source "ChessBase"]
[SourceDate "2011.03.17"]
[SourceVersion "1"]
[SourceVersionDate "2011.03.17"]
[SourceQuality "1"]

1. d4 d5 2. c4 Nc6 3. Nf3 Bg4 4. cxd5 Bxf3 5. dxc6 Bxc6 6. Nc3 e6 7. e4 Bb4 8. f3 Qh4+ 9. g3 Qf6 10. h4 0-0-0 11. Bg5 Qxd4 12. Bxd8 Qe3+ 13. Be2 Bd6 14. Rh3 Kxd8 15. Qd2 Qxd2+ 16. Kxd2 a6 17. h5 Nf6 18. Rd1 Ke7 19. Kc2 h6 20. a3 b5 21. Bf1 Bb7 22. Bg2 Rd8 23. Rd2 Ke8 24. f4 Ng4 25. Nd1 e5 26. Rh4 Nf6 27. Nc3 Ke7 1/2-1/2

[Event "OP-2010-0-01096"]
[Site "LSS email"]
[Date "2010.02.27"]
[Round "?"]
[White "Olano Aizpurua, Jose Maria"]
[Black "Hartmann, John R"]
[Result "1/2-1/2"]
[WhiteElo "2251"]
[BlackElo "1518"]
[PlyCount "57"]
[EventDate "2010.02.22"]
[EventType "tourn (corr)"]
[EventRounds "4"]
[EventCountry "GER"]
[SourceTitle "Corr 2013"]
[Source "ChessBase"]
[SourceDate "2012.11.12"]
[SourceVersion "1"]
[SourceVersionDate "2012.11.12"]
[SourceQuality "1"]

1. e4 e5 2. Nf3 Nc6 3. Bb5 Nf6 4. 0-0 Bc5 5. Nxe5 Nxe5 6. d4 c6 7. dxe5 Nxe4 8. Bd3 d5 9. exd6 Nf6 10. Bg5 Bxd6 11. Nc3 Be6 12. Ne4 Be7 13. Bxf6 Bxf6 14. Nc5 Qd6 15. Nxe6 fxe6 16. Bg6+ Kd7 17. Qg4 Kc7 18. Rad1 Qe7 19. Qg3+ e5 20. Bd3 Rad8 21. Rfe1 Qb4 22. Qe3 Kb8 23. a3 Qf4 24. b4 Qxe3 25. Rxe3 Kc7 26. Kf1 Rd7 27. Ke2 h6 28. g3 Rhd8 29. h4 1/2-1/2

[Event "IECG CD.2006.0.00108 email"]
[Site "IECG email"]
[Date "2006.03.19"]
[Round "6"]
[White "Hartmann, John R"]
[Black "Groves, Donald"]
[Result "1/2-1/2"]
[WhiteElo "1384"]
[BlackElo "1500"]
[PlyCount "90"]
[EventDate "2006.03.19"]
[EventType "tourn (corr)"]
[EventRounds "6"]
[SourceTitle "Corr 2008"]
[Source "ChessBase"]
[SourceDate "2008.06.24"]
[SourceVersion "1"]
[SourceVersionDate "2008.06.24"]
[SourceQuality "1"]

1. d4 g6 2. e4 Bg7 3. Nc3 d6 4. Be3 a6 5. Qd2 b6 6. f3 Bb7 7. Nh3 h6 8. Nf2 e6 9. 0-0-0 Ne7 10. Ng4 h5 11. Nf2 Nd7 12. h4 b5 13. g4 Nb6 14. Bd3 Qd7 15. Ne2 Ng8 16. gxh5 Rxh5 17. Ng3 Rh8 18. h5 0-0-0 19. hxg6 Rxh1 20. Rxh1 fxg6 21. Nh3 d5 22. e5 Nc4 23. Bxc4 dxc4 24. Ng5 Nh6 25. N3e4 Bf8 26. c3 Nf5 27. Nf6 Qc6 28. Nf7 Bg7 29. Nxd8 Qxf3 30. Re1 Kxd8 31. Bg5 Kc8 32. Qf4 Qh3 33. Qg4 Qxg4 34. Nxg4 c5 35. Ne3 cxd4 36. Nxf5 gxf5 37. cxd4 Bf8 38. Re2 Bb4 39. Bd2 Be7 40. Rh2 Bd8 41. Rh8 Kd7 42. Rh7+ Kc8 43. Rg7 Bd5 44. Bg5 Bb6 45. Rg8+ Kd7 1/2-1/2

[Event "IECG CE.2004.0.00076 email"]
[Site "IECG email"]
[Date "2004.08.24"]
[Round "?"]
[White "Hartmann, John R"]
[Black "Boyd, John Michael"]
[Result "1-0"]
[WhiteElo "1341"]
[BlackElo "1335"]
[PlyCount "75"]
[EventDate "2004.08.24"]
[EventType "tourn (corr)"]
[EventRounds "6"]
[SourceTitle "Corr 2008"]
[Source "ChessBase"]
[SourceDate "2008.06.24"]
[SourceVersion "1"]
[SourceVersionDate "2008.06.24"]
[SourceQuality "1"]

1. d4 f5 2. c4 Nf6 3. Nc3 g6 4. g3 Bg7 5. Bg2 0-0 6. Nf3 d6 7. 0-0 Qe8 8. d5 a5 9. e4 fxe4 10. Ng5 a4 11. Ncxe4 Nxe4 12. Bxe4 a3 13. Rb1 axb2 14. Bxb2 Rxa2 15. Bxg7 Kxg7 16. Ra1 Rxa1 17. Qxa1+ Kg8 18. f4 Na6 19. Bc2 c6 20. Re1 cxd5 21. cxd5 Nc5 22. Qd4 h6 23. Ne4 Nxe4 24. Bxe4 Qf7 25. Bd3 Kh7 26. Qe4 Bf5 27. Qd4 Bxd3 28. Qxd3 Rc8 29. Qb5 Qf6 30. Qxb7 Qd4+ 31. Kh1 Rc7 32. Qxc7 Qxd5+ 33. Kg1 Qd4+ 34. Kf1 Qd3+ 35. Re2 Qf3+ 36. Ke1 Qh1+ 37. Kd2 Qd5+ 38. Kc1 1-0

[Event "IECG CE.2004.0.00076 email"]
[Site "IECG email"]
[Date "2004.08.24"]
[Round "?"]
[White "Mitrovic, Sinisa"]
[Black "Hartmann, John R"]
[Result "1/2-1/2"]
[WhiteElo "1278"]
[BlackElo "1341"]
[PlyCount "100"]
[EventDate "2004.08.24"]
[EventType "tourn (corr)"]
[EventRounds "6"]
[SourceTitle "Corr 2008"]
[Source "ChessBase"]
[SourceDate "2008.06.24"]
[SourceVersion "1"]
[SourceVersionDate "2008.06.24"]
[SourceQuality "1"]

1. c4 c6 2. e4 d5 3. exd5 cxd5 4. d4 Nf6 5. Nc3 e6 6. Nf3 Bb4 7. Bd3 dxc4 8. Bxc4 0-0 9. 0-0 b6 10. Qe2 Bb7 11. Rd1 Nbd7 12. Bg5 Bxc3 13. bxc3 Qc7 14. Rac1 Ng4 15. d5 Rac8 16. Rd4 exd5 17. Bxd5 Bxd5 18. Rxd5 Rfe8 19. Qd2 Ndf6 20. Bxf6 Nxf6 21. Rd3 b5 22. Re1 Rxe1+ 23. Qxe1 Qa5 24. Qd1 h6 25. h3 Qxa2 26. Rd8+ Rxd8 27. Qxd8+ Kh7 28. Qd3+ g6 29. Qxb5 Ne4 30. c4 Qxf2+ 31. Kh2 Qg3+ 32. Kg1 Qc7 33. Ne5 Kg7 34. Nc6 Nc3 35. Qb2 Qxc6 36. Qxc3+ Qf6 37. Qa3 Qd4+ 38. Kh1 Qxc4 39. Qxa7 Qc1+ 40. Kh2 Qf4+ 41. Kg1 h5 42. Qa1+ Qf6 43. Qd1 h4 44. Qg4 Qb6+ 45. Kf1 Qb5+ 46. Kf2 g5 47. Qc8 f6 48. Kg1 Qb1+ 49. Kf2 Qe4 50. Qd8 Qe6 1/2-1/2

[Event "IECG CE.2004.0.00076 email"]
[Site "IECG email"]
[Date "2004.08.24"]
[Round "?"]
[White "Noble, Walden"]
[Black "Hartmann, John R"]
[Result "1/2-1/2"]
[WhiteElo "1250"]
[BlackElo "1341"]
[PlyCount "43"]
[EventDate "2004.08.24"]
[EventType "tourn (corr)"]
[EventRounds "6"]
[SourceTitle "Corr 2008"]
[Source "ChessBase"]
[SourceDate "2008.06.24"]
[SourceVersion "1"]
[SourceVersionDate "2008.06.24"]
[SourceQuality "1"]

1. e4 e5 2. Nf3 Nc6 3. d4 exd4 4. c3 d5 5. exd5 Qxd5 6. Be2 Bg4 7. cxd4 Bb4+ 8. Nc3 Bxf3 9. Bxf3 Qc4 10. Qb3 Qxb3 11. axb3 Nge7 12. 0-0 a6 13. Ra4 Bd6 14. Bg5 f6 15. Bh5+ Kd7 16. Bg4+ f5 17. Bf3 b5 18. Ra2 h6 19. Bd2 g5 20. h3 Nb4 21. Raa1 c6 22. Rad1 1/2-1/2